| 000 | 00931nam a22002417a 4500 | ||
|---|---|---|---|
| 999 |
_c19541 _d19541 |
||
| 003 | AR-CdUCM | ||
| 008 | 190517b ||||| |||| 00| 0 spa d | ||
| 040 |
_aMUNICIPALIDAD PROVINCIAL DEL CUSCO _cBIBLIOTECA MUNICIPAL DEL CUSCO |
||
| 082 |
_a540 / _bF82 |
||
| 100 |
_aFrey, Paul R. _940938 |
||
| 245 | _aProblemas de quimica y como resolverlos / | ||
| 260 |
_aMéxico : _bContinental, _c1977. |
||
| 300 |
_a271 paginas ; _bCuadros, diagramas, _c24 cm |
||
| 505 | _aContenido :Matemática y química --Unidades de medida usadas en química -- Cifras significativas -- Análisis dimensional -- Densidad y peso especifico... | ||
| 650 |
_aFracciones _921887 |
||
| 650 |
_aUnidades _940939 |
||
| 650 |
_aUnidades de masa _940940 |
||
| 650 |
_aCifras significativas _940941 |
||
| 650 |
_aEcuaciones quimicas _940942 |
||
| 700 |
_aGiral de Lopez Bago, Adela (Traducción) _940943 |
||
| 942 |
_2ddc _cLIBROS |
||
| 945 |
_awnts _d2019-05-19 |
||